Estadísticas para Estados de México por Población

Haz click aquí para intentar la prueba.

Estadísticas generales

  • Esta prueba ha sido intentada 567 veces
  • La puntuación promedio es 20 de 31

Estadísticas de respuestas

PoblaciónEstado% Correcto
16 992 418(Estado de) México
98%
8 348 151Jalisco
90%
8 062 579Veracruz de Ignacio de la Llave
83%
6 583 278Puebla
78%
2 320 898Yucatán
75%
3 769 020Baja California
72%
5 784 442Nuevo León
71%
4 132 148Oaxaca
70%
6 166 934Guanajuato
69%
1 857 985Quintana Roo
67%
3 026 943Sinaloa
67%
3 741 869Chihuahua
65%
2 368 467Querétaro de Arteaga
64%
2 944 840Sonora
64%
1 622 138Zacatecas
63%
5 543 828Chiapas
61%
1 832 650Durango
60%
3 527 735Tamaulipas
60%
798 447Baja California Sur
59%
3 540 685Guerrero
59%
1 425 607Aguascalientes
58%
3 082 841Hidalgo
56%
4 748 846Michoacán de Ocampo
56%
1 971 520Morelos
54%
2 402 598Tabasco
54%
731 391Colima
53%
1 235 456Nayarit
53%
2 822 255San Luis Potosí
51%
3 146 771Coahuila de Zaragoza
49%
1 342 977Tlaxcala
49%
928 363Campeche
48%

Distribución de puntuación

Porcentaje por número respondido

Porcentaje de gente con cada puntuación

Historial de tus puntuaciones

No has intentado esta prueba.